00923nam a2200229Ia 4500003000900000008004100009020001800050040001600068080002300084111007700107245025100184260003700435300001600472490002600488650002700514650002000541650004100561650001300602700002000615700002100635710003700656IN-BaIIA211028s9999 xx 000 0 eng d a0-7923-1699-1 cIIA Library a082.2:52bIAU-S149 aSymposium of the International Astronomical UnioncBrazild1991 Aug. 5-9 4aThe stellar populations of galaxiesbproceedings of the 149th symposium of the International Astronomical Union, held in Angra Dos Reis, Brazil, August 5-9, 1991cedited by B. Barbuy and A. Renzini  aDordrechtbKluwer Academicc1992 axxii, 521p. aIAU Symposium; no 149 aActive Galactic Nuclei aActive Galaxies aAstronomy and Astrophysics Thesaurus aGalaxies aBarbuy, B., ed. aRenzini, A., ed. aInternational Astronomical Union